Personal factors influencing tax compliance in Education sector: A case study Riara University/ (Record no. 4282)
| 000 -LEADER | |
|---|---|
| fixed length control field | 00559nam a22001937a 4500 |
| 003 - CONTROL NUMBER IDENTIFIER | |
| control field | OSt |
| 005 - DATE AND TIME OF LATEST TRANSACTION | |
| control field | 20210715101109.0 |
| 008 - FIXED-LENGTH DATA ELEMENTS--GENERAL INFORMATION | |
| fixed length control field | 210715b xxu||||| |||| 00| 0 eng d |
| 050 ## - LIBRARY OF CONGRESS CALL NUMBER | |
| Classification number | RUSC KF6449.M334 2020 |
| 100 ## - MAIN ENTRY--PERSONAL NAME | |
| Personal name | Mabeya, Leah |
| 245 ## - TITLE STATEMENT | |
| Title | Personal factors influencing tax compliance in Education sector: A case study Riara University/ |
| Statement of responsibility, etc | Leah Mabeya |
| 260 ## - PUBLICATION, DISTRIBUTION, ETC. (IMPRINT) | |
| Place of publication, distribution, etc | Nairobi |
| Date of publication, distribution, etc | 2020 |
| 300 ## - PHYSICAL DESCRIPTION | |
| Extent | x, 68p: |
| 700 ## - ADDED ENTRY--PERSONAL NAME | |
| Personal name | Wangari, J. Perpetua |
| 700 ## - ADDED ENTRY--PERSONAL NAME | |
| Personal name | Mutua, Samson |
| 700 ## - ADDED ENTRY--PERSONAL NAME | |
| Personal name | Katina, M. Daniel |
| 700 ## - ADDED ENTRY--PERSONAL NAME | |
| Personal name | Okumu, A. Brian |
| 942 ## - ADDED ENTRY ELEMENTS (KOHA) | |
| Source of classification or shelving scheme | |
| Koha item type | Research Project |
| Withdrawn status | Lost status | Source of classification or shelving scheme | Damaged status | Not for loan | Home library | Current library | Shelving location | Date acquired | Total Checkouts | Full call number | Barcode | Date last seen | Price effective from | Koha item type |
|---|---|---|---|---|---|---|---|---|---|---|---|---|---|---|
| Riara University Library | Riara University Library | Special Collection | 15/07/2021 | RUSC KF6449.M334 2020 | 10492/21 | 15/07/2021 | 15/07/2021 | Research Project |
